|
|
|
|
| LEADER |
00913nam a2200217 a 4500 |
| 001 |
GR-MES13317 |
| 008 |
071008s nyu b 001 0 gre d |
| 020 |
|
|
|a 007135185X
|
| 040 |
|
|
|a GrPaTEI
|b gre
|c GR-PaULI
|
| 040 |
|
|
|a GrPaTEI
|b gre
|c GR-PaULI
|
| 082 |
|
0 |
|a 004.68
|2 21
|
| 100 |
1 |
|
|a Brown, Steven
|
| 245 |
1 |
0 |
|a Implementing virual private networks /
|c Steven Brown.
|
| 260 |
|
|
|a New York :
|b McGraw-Hill,
|c c1999
|
| 300 |
|
|
|a xxi, 594σ. :
|b εικ., χάρτες ;
|c 24εκ.
|
| 504 |
|
|
|a Περιλαμβάνει βιβλιογραφίες και ευρετήριο.
|
| 650 |
|
0 |
|a Extranets (computer networks)
|
| 942 |
|
|
|2 ddc
|
| 952 |
|
|
|0 0
|1 0
|2 ddc
|4 0
|6 004_680000000000000_BRO
|7 0
|9 271829
|a MSLG
|b MSLG
|c BSC
|d 2021-01-17
|e 24
|f 0
|g 0.00
|l 0
|o 004.68 BRO
|p 2420000019029
|r 2021-01-17 00:00:00
|t 1
|w 2021-01-17
|y BK15
|x 20071008 0 ΤΣΑΝΤΑΡΛΙΩΤΗ 1
|x GrPaTEI
|
| 971 |
|
|
|a .b25793652
|b 15-04-20
|c 13-09-16
|
| 999 |
|
|
|c 157095
|d 157095
|